00432nam a22001337a 4500003000500000038001500005082001200020100002300032245011900055260003800174300003000212500001500242600004100257NUST aMr. Zahoor a620.005 aZulqarnain Zahid  aFormulation of a Management System for Implementation of Dynamic Spectrum in Wireless Network /cZulqarnain Zahid aIslamabad :b CEME - NUST,c2104. ax, 80, p. : ill, ; 30 cm. aHardcover. 2 Engineering Management - MS Thesis